Total Drama Contestants - Statistics

General Stats
  • This quiz has been taken 63 times
  • The average score is 67 of 101
Answer Stats
Season Answer % Correct
Revenge B
95%
Island Beth
91%
Island Courtney
91%
Island Heather
91%
Island Katie
91%
Island Sadie
91%
World Tour Sierra
91%
Island Bridgette
86%
Island Cody
86%
2023 | Race Emma
86%
Island Geoff
86%
Island Gwen
86%
Island LeShawna
86%
Island Lindsay
86%
Revenge Zoey
86%
World Tour Alejandro
82%
Pahkitew Amy
82%
Revenge Anne Maria
82%
Pahkitew Dave
82%
Island Duncan
82%
Island Eva
82%
Island Noah
82%
Island Owen
82%
Revenge Sam
82%
Island Tyler
82%
Revenge Dawn
77%
Island Ezekiel
77%
Island Harold
77%
Island Justin
77%
Revenge Mike
77%
Revenge Staci
77%
Pahkitew Beardo
73%
Revenge Cameron
73%
Pahkitew Ella
73%
Island Izzy
73%
Revenge Jo
73%
2023 Julia
73%
Revenge Lightning
73%
2023 Priya
73%
Pahkitew Sammy
73%
Pahkitew Topher
73%
Island Trent
73%
Revenge Brick
68%
Race Brody
68%
Revenge Dakota
68%
Race Devin
68%
Island DJ
68%
Pahkitew Jasmine
68%
Race Kitty
68%
Pahkitew Max
68%
Pahkitew Shawn
68%
Pahkitew Sky
68%
2023 Axel
64%
World Tour Blaineley
64%
2023 Bowie
64%
Race Carrie
64%
Race Crimson
64%
Race Ennui
64%
Race Junior
64%
2023 MK
64%
Pahkitew Scarlett
64%
Pahkitew Sugar
64%
Race Jen
59%
Pahkitew Leonard
59%
Race MacArthur
59%
Race Miles
59%
2023 Raj
59%
Pahkitew Rodney
59%
Revenge Scott
59%
2023 Wayne
59%
2023 Damien
55%
Race Gerry
55%
Race Jacques
55%
2023 Millie
55%
2023 Nichelle
55%
Race Pete
55%
Race Sanders
55%
2023 Caleb
50%
Race Dwayne
50%
Race Jay
50%
Race Josee
50%
Race Mickey
50%
2023 Ripper
50%
2023 Scary Girl
50%
Race Stephanie
50%
Race Tammy
50%
Race Tom
50%
2023 Zee
50%
Race Ellody
45%
Race Kelly
45%
Race Laurie
45%
Race Taylor
45%
2023 Chase
41%
Race Chet
41%
Race Lorenzo
41%
Race Rock
41%
Race Ryan
41%
Race Spud
41%
Race Mary
36%
Island Mr. Coconut
18%
No matching quizzes found
Score Distribution
Percent of People with Each Score
Percentile by Number Answered
Your Score History
You have not taken this quiz